00767nam a22002417a 450000500170000001000110001702000100002803500110003803700160004904000120006508200160007710000270009324500390012026000360015927000290019530000210022450000500024565000390029565000260033494200250036099900190038595201210040420170124110038.0 a564167 c00.00 a564167 bCen Lib/Ret aDPLbEN a881.08bHIL aHill, Donald L.923210 aRichard Wilbur /cby Donald L.Hill aBombaybPopular Prakashanc1967 a35C, Tardeo RoadbBombay a192p. c20cm(Hb) aIncludes bibliographical references and index aThe poems of Richard Wilbur923211 aRichard Wilbur923212 2ddccENh881.08mHIL c128377d128377 00104070aLbLd2015-07-02eCen Lib/Retg0.00l0o881.08 HILp564167r2015-07-02 00:00:00t1v0.00w2015-07-02yEN